| 000 | 00425nam a2200145 i 4500 | ||
|---|---|---|---|
| 001 | bg | ||
| 100 | 1 | _aMATYSZEWSKI, Tomisław. | |
| 245 | 1 | 0 |
_aMateriały i wyroby budowlane. _nT. 2, _pCeramiczne wyroby budowlane / _cTomisław Matyszewski, Michał Łapaciński. |
| 260 |
_aSzczecin, _c1977. |
||
| 700 | 1 | _aŁAPACIŃSKI, Michał. | |
| 040 | _cBPK | ||
| 041 | _apol | ||
| 942 | _cKS | ||
| 008 | s pl f |000 0 pol | ||
| 999 |
_c17930 _d17930 |
||
| 856 |
_uhttp://koha.tu.koszalin.pl/cgi-bin/koha/opac-detail.pl?biblionumber=17930 _yKatalog online BPK |
||